000 00877nam a22002417a 4500
005 20140825113306.0
010 _aENG-106529
020 _a9788121211697
_c900.00
035 _aEN-90062
035 _aB-529572
037 _bDBAD/PUB
037 _bBBB/Ven
_adpl
082 _a270.082
100 _a Engineer Asghar Ali
245 _aIslam gender justice :
_cby Asghar Ali Engineer
_bMuslims gender discrimination /
260 _aNew Delhi
_bGyan Publishing House
_c2013
270 _a23 Main Ansari Road, Darya Ganj
_bNew Delhi
_e110002
_k23282060,23261060
_mbooks@gyanbooksl.com
_l011-23285914
300 _a312p.
_c20cm(Hb)
500 _aincludes index
650 _aGender Justice
_xMuslim Gender discrimination
_zIslam.
942 _2ddc
_cEN
_mENG
_h270.082
999 _c72789
_d72789